000 00304nam a2200109Ia 4500
008 171211s9999 xx 000 0 und d
245 _aWelcome to Saudi Arabia (Welcome to the World)
245 _cBob Temple
260 _c2008
650 _xTRAVEL
856 _uhttp://down.ebook777.com/063/B00ICXAMQE.pdf
999 _c349137
_d349137